01255nac a22002771i 4500003000900000005001700009008004100026040004300067082002000110245029800130250002100428264006100449300004500510336002600555337002800581338002700609504005200636505003600688650003700724650002800761655001700789700002600806942001200832999001500844952011800859EG-ScBUE20250812092734.0250730r19631960enka f b 001 0 eng d aEG-ScBUEbengerdacEG-ScBUEdEG-ScBUE04a544.92bCHR22200aChromatographic and electrophoretic techniques /cedited by Ivor Smith, B.Sc., Ph.D., F.R.I.C., Lecturer in Chemistry and Biochemistry, Courtauld Institute, Middlesex Hospital, London ; Postgraduate Lecturer in Chromatographic and Electrophoretic Methods, Brunel College of Technology, London. aReprint edition. 1aLondon :bWilliam Heinemann/Medical Books, LTD., c1963. avii, 215 pages :billustrations ;c23 cm 2rdacontentatextbtxt aunmediated2rdamediabn avolumebnc2rdacarrier aIncludes bibliographical references and index. 1 avolume 2. Zone electrophoresis. 7aChromatographic analysis.2BUEsh 7aElectrophoresis.2BUEsh vReading book1 aSmith, Ivor,eeditor. cBB2ddc c3544d3544 00102ddc40708alxlibaMAINbMAINc1STd2007-04-29eDonationl0o544.92 CHRp000030239r2025-07-15 00:00:00yBB